000 00412pab a2200169 454500
008 180718b2010 xxu||||| |||| 00| 0 eng d
100 _aStulz, Rene M.
245 _aCredit defalt swaps and the credit crisis
260 _c2010
300 _ap.79-92.
362 _aWinter
650 _aCredit
650 _aEconomic recession
773 _aJournal of Economic Perspectives
908 _aN
909 _a86327
999 _c86327
_d86327